Náhrada za bolesť a sťaženie spoločenského uplatnenia

Pracovný úraz zamestnanca a nárok zamestnanca na náhradu škody v súlade s ustanoveniami zákona č. 437/2004 Z. z. a zákona č. 273/1994 Z. z. v znení neskorších zákonov. Jednorázová náhrada za bolesť. Náhrada za sťaženie spoločenského uplatnenia. Výška náhrady za bolesť a sťaženie spoločenského uplatn...

Descrizione completa

Salvato in:
Dettagli Bibliografici
Autore principale: Martončíková, Petra
Natura: Capitolo di libro
Lingua:slovacco
Soggetti:
Tags: Aggiungi Tag
Nessun Tag, puoi essere il primo ad aggiungerne!!

MARC

LEADER 00000naa a2200000 4500
001 0247113
005 20180824090736.3
041 0 |a slo 
044 |a SK 
245 1 0 |a Náhrada za bolesť a sťaženie spoločenského uplatnenia  |c Petra Martončíková 
520 |a Pracovný úraz zamestnanca a nárok zamestnanca na náhradu škody v súlade s ustanoveniami zákona č. 437/2004 Z. z. a zákona č. 273/1994 Z. z. v znení neskorších zákonov. Jednorázová náhrada za bolesť. Náhrada za sťaženie spoločenského uplatnenia. Výška náhrady za bolesť a sťaženie spoločenského uplatnenia. Dohoda o vyrovnaní. Lekársky posudok. Zásady na hodnotenie bolesti. 
610 2 0 |a úrazy pracovné 
610 2 0 |a zamestnanci 
610 2 0 |a zamestnávatelia 
610 2 0 |a legislatíva 
610 2 0 |a posudky lekárske 
610 2 0 |a financie 
610 2 0 |a náhrada škody 
100 1 |a Martončíková, Petra